Ôn luyện theo chuẩn kiến thức kĩ năng Vật lí 12 : Cơ bản và nâng cao
Nội dung sách được trình bày theo từng chương như sách giáo khoa vật lí 12, mỗi chương được phân thành nhiều chủ đề, mỗi chủ đề gồm có hai mục: Mục A. Kiểm tra theo chuẩn kiến thức : nêu bật các nội dung yêu cầu của chuẩn kiến thức ;...
Shranjeno v:
| Glavni avtor: | |
|---|---|
| Format: | Knjiga |
| Jezik: | Undetermined |
| Izdano: |
Hà Nội
Giáo dục Việt Nam
2011
|
| Teme: | |
| Oznake: |
Označite
Brez oznak, prvi označite!
|
| Thư viện lưu trữ: | Trung tâm Học liệu Trường Đại học Cần Thơ |
|---|
| LEADER | 01338nam a2200229Ia 4500 | ||
|---|---|---|---|
| 001 | CTU_184763 | ||
| 008 | 210402s9999 xx 000 0 und d | ||
| 020 | |c 42000 | ||
| 082 | |a 530.0712 | ||
| 082 | |b H121 | ||
| 100 | |a Bùi, Quang Hân | ||
| 245 | 0 | |a Ôn luyện theo chuẩn kiến thức kĩ năng Vật lí 12 : | |
| 245 | 0 | |b Cơ bản và nâng cao | |
| 245 | 0 | |c Bùi Quang Hân , Nguyễn Tuyến , Nguyễn Hà Phương | |
| 260 | |a Hà Nội | ||
| 260 | |b Giáo dục Việt Nam | ||
| 260 | |c 2011 | ||
| 520 | |a Nội dung sách được trình bày theo từng chương như sách giáo khoa vật lí 12, mỗi chương được phân thành nhiều chủ đề, mỗi chủ đề gồm có hai mục: Mục A. Kiểm tra theo chuẩn kiến thức : nêu bật các nội dung yêu cầu của chuẩn kiến thức ; Mục B. Rèn luyện kĩ năng : giới thiệu các nội dung liên quan đến yêu cầu của chuẩn kiến thức để luyện tập và trao dồi kĩ năng | ||
| 650 | |a Physics,Vât lý | ||
| 650 | |x Study and teaching (Sacondary),Học và giảng dạy (trung học) | ||
| 904 | |i Tuyến | ||
| 980 | |a Trung tâm Học liệu Trường Đại học Cần Thơ | ||